JoJo's Bizarre Adventure - All stands from Part 3 - 9 - Statistics

General Stats
  • This quiz has been taken 147 times
    139 since last reset
  • The average score is 83 of 172
Answer Stats
Stand User Stand Name % Correct
Jotaro Kujo Star Platinum
94%
DIO | DIO (in flashback) | Diego Brando from Another Universe The World
90%
Joseph Joestar | Joseph Joestar (Diamond is Unbreakable) Hermit Purple
87%
Jean-Pierre Polnareff | Jean-Pierre Polnareff (Golden Wind) Silver Chariot
87%
Iggy The Fool
84%
Muhammad Avdol Magician's Red
82%
Okuyasu Nijimura The Hand
82%
Josuke Higashikata Crazy Diamond
80%
Noriaki Kakyoin Hierophant Green
80%
Koichi Hirose | Koichi Hirose (Golden Wind) Echoes
77%
Rohan Kishibe Heaven's Door
77%
Pannacotta Fugo Purple Haze
77%
Yoshikage Kira | Yoshikage Kira (JoJolion) Killer Queen
76%
Jotaro Kujo (Diamond is Unbreakable) | Jotaro Kujo (Stone Ocean) Star Platinum: The World
74%
Vanilla Ice Cream
73%
Giorno Giovanna Gold Experience
73%
Bruno Bucciaratti Sticky Fingers
73%
Jonathan "Johnny" Joestar | Jonathan "Johnny" Joestar (JoJolion) Tusk
73%
Trish Una Spice Girl
72%
Narancia Ghirga Aerosmith
70%
Hol Horse Emperor
70%
Diavolo King Crimson
70%
Guido Mista Sex Pistols
70%
Funny Valentine Dirty Deeds Done Dirt Cheap
68%
Leone Abbachio Moody Blues
68%
Jolyne Kujo Stone Free
67%
Caravan Serai / Chaka / Khan / Jean-Pierre Polnareff Anubis
66%
Mannish Boy Death 13
66%
Enrico Pucci over Heaven Made in Heaven
66%
Gray Fly Tower of Gray
66%
Weather Report Weather Report
66%
Josuke Higashikata (JoJolion) / Josefumi Kujo Soft and Wet
65%
Enrico Pucci Whitesnake
63%
Yoshikage Kira (as Kosaku Kawajiri) Bites The Dust
62%
Enrico Pucci (New Moon Form) C. Moon
62%
F.F. Foo Fighters
62%
Giorno Giovanna (Requiem Arrow) Gold Experience Requiem
62%
Steely Dan Lovers
62%
Nena Empress
61%
Enya the Hag Justice
61%
Forever Strength
61%
Arabia Fats Sun
61%
Ermes Costello Kiss
60%
Risotto Nero Metallica
60%
Akira Otoishi Red Hot Chilli Pepper
59%
Rubber Soul Yellow Temperance
59%
Keicho Nijimura Bad Company
57%
Gyro Zeppeli (Ultimate Force of the Spin) Ball Breaker
57%
Polpo Black Sabbath
57%
Shigekiyo "Shigechi" Yangu Harvest
57%
Yoshikage Kira (Secondary Ability) Sheer Heart Attack
57%
Narciso Anasui Diver Down
56%
J. Geil Hanged Man
55%
Yukako Yamagishi Love Deluxe
55%
Coco Jumbo Mr. President
55%
ZZ Wheel of Fortune
55%
Captain Tennille (Impostor) Dark Blue Moon
52%
N'Doul Geb
52%
Oingo Khnum
52%
Dr. Ferdinand / Diego Brando Scary Monsters
52%
Boingo Thoth
52%
Cameo Judgement
51%
Melone Baby Face
50%
Cioccolata Green Day
50%
Ghiaccio White Album
50%
Angelo Katagiri Aqua Necklace
49%
Mariah Bastet
49%
Pesci Beach Boy
49%
Jean-Pierre Polnareff (Requiem Arrow) Chariot Requiem
49%
Funny Valentine (Awakened Holy Form) D4C: Love Train
49%
Mikitaka Hazekura Earth Wind and Fire
49%
Devo the Cursed Ebony Devil
49%
Jodio Joestar November Rain
49%
Daniel J. D'Arby Osiris
49%
Tamami Kobayashi The Lock
49%
Ungalo Bohemian Rhapsody
48%
Emporio Alniño Burning Down the House
48%
Illusio Man in the Mirror
48%
Tooru Wonder of U
48%
Aya Tsuji Cinderella
46%
Tonio Trussardi Pearl Jam
46%
Bug-Eaten Ratt
46%
Pocoloco Hey Ya!
45%
Midler High Priestess
45%
Yuya Fungami Highway Star
45%
Sale Kraft Work
45%
Tizziano Talking Head
45%
Prosciutto The Grateful Dead
45%
Secco Oasis
44%
Hot Pants Cream Starter
43%
Carne Notorious B.I.G
43%
Scolippi Rolling Stones
43%
Yoshihiro Kira Atom Heart Father
41%
Thunder McQueen Highway to Hell
41%
Pet Shop Horus
41%
Terrance T. D'Arby Atum
40%
Ken Oyanagi Boy II Man
40%
Blackmore Catch the Rainbow
40%
Squalo Clash
40%
Tama Stray Cat
40%
Toyohiro Kanedaichi Super Fly
40%
Toshikazu Hazamada Surface
40%
Shizuka Joestar Achtung Baby
39%
Masazo Kinoto / Rohan Kishibe Cheap Trick
39%
Guess Goo Goo Dolls
39%
D-I-S-C-O Chocolate Disco
38%
Formaggio Little Feet
38%
Axl RO Civil War
37%
Terunosuke Miyamoto Enigma
37%
Doppio Epitaph
37%
Sports Maxx Limp Bizkit
37%
Ringo Roadagain Mandom
37%
Mario Zucchero Soft Machine
37%
Mountain Lodge Owner / Guccio Survivor
35%
Donatello Versace Under World
35%
Wes Bluemarine / Weather Report (memory awakening) Heavy Weather
34%
Johngalli A. Manhattan Transfer
34%
Yasuho Hirose Paisley Park
34%
Kenny G. Tenore Sax
34%
The Green Baby Green, Green Grass of Home
33%
Mountain Tim Oh! Lonesome Me
33%
Alessi Sethan
33%
Rykiel Sky High
33%
Josuke Higashikata (Awakened Form) Soft and Wet: Go Beyond
33%
Sugar Mountain's Giant Tree Sugar Mountain
33%
Lucy Steel Ticket to Ride
33%
Sandman / Soundman In a Silent Way
32%
Miraschön Marilyn Manson
32%
Joshu Higashikata Nut King Call
32%
Mike O. Tubular Bells
32%
Magenta Magenta 20th Century Boy
30%
Norisuke Higashikata King Nothing
30%
The Boom Boom Family Tomb of the Boom
30%
Kei Nijimura Born This Way
29%
Dragona Joestar Smooth Operator
29%
Jobin Higashikata Speed King
29%
D&G Yo-Yo Ma
29%
Miuccia Müller Jail House Lock
28%
Eleven Men Tattoo You!
28%
Pork Pie Hat Kid Wired
28%
Daiya Higashikata California King Bed
27%
Wu Tomoki Doctor Wu
27%
Rai Mamezuku Doggy Style
27%
Kenzo Dragon's Dream
27%
Lang Wrangler Jumpin' Jack Flash
27%
Tsurugi Higashikata Paper Moon King
27%
Ojiro Sasame Fun Fun Fun
23%
Viviano Westwood Planet Waves
23%
Hato Higashikata Walking Heart
22%
Paco Lovelantes The Hustle
21%
Caato Higashikata Space Trucking
20%
Yotsuyu Yagiyama I am a Rock
18%
Oye Como Va Boku no Rhythm wo Kiitekure
17%
Usagi Aloha’oe The Matte Kudasai
17%
Masaji "Dolomite" Dorokoma Blue Hawaii
16%
Ryo Shimosato "Urban Guerilla" Brain Storm
16%
Tamaki Damo Vitamin C
16%
Aisho Dainenjiyama Doobie Wah!
15%
Elder A. Phex Brother Schott Key No. 1
15%
Younger A. Phex Brother Schott Key No. 2
15%
Poor Tom Ozon Baby
13%
Mitsuba Higashikata Awaking III Leaves
12%
Ginkgo Biloba Trees on Shakedown Road Les Feuilles
12%
The Money Curse Milagro Man
10%
No matching quizzes found
Score Distribution
Percent of People with Each Score
Percentile by Number Answered
Your Score History
You have not taken this quiz since the last reset